| 000 | 00588nam a22001577a 4500 | ||
|---|---|---|---|
| 008 | 160513b xxu||||| |||| 00| 0 eng d | ||
| 082 |
_22015 _aUT 0587 _bAr32 |
||
| 100 |
_98066 _aArellano, Michelle P. |
||
| 245 |
_aModeling quality of life of UMDC BSED Math graduates from 2005 - 2014/ _cMichelle P. Arellano, Brendo I. Tampus and Gerli T. Albia. |
||
| 260 |
_aDigos City: _bUMDC _cAugust 2015. |
||
| 300 |
_a64 pages; _c29.5 cm. |
||
| 650 | 0 |
_98065 _aEducation _vMathematics _xUndergraduate thesis. |
|
| 700 |
_98063 _aTampus, Brendo I. |
||
| 700 |
_98064 _aAlbia, Gerlie T. |
||
| 942 |
_2ddc _cUT |
||
| 999 |
_c2444 _d2444 |
||